000 01265nam a2200325 c 4500
003 BLK
005 20200611093950.0
008 180412b bul|||||r ||||||| ||bul||
010 _aKNG00014387000
020 _a954-17-0116-7
_bиздат.: Калпазанов
040 _aBLK
041 _aBUL
_cBUL
080 _aАмериканска литература (на САЩ)
_b821.111(73)
_x-31
_z821.111(73)-31
100 1 _aТейлър, Чарлз Д.
_eпърви автор
_9246565
700 1 _aСтойчев, Георги
_eпрев.
_9363573
700 1 _aКирилов, Кирил
_eпрев.
_9364063
139 _aТейлър, Чарлз Д.
_bТ 45
245 1 0 _aОтветен удар
_bРоман
_cЧарлз Д. Тейлър; прев. Георги Стойчев; прев. Кирил Кирилов.
257 _aUSA
260 Габрово
_bКалпазанов
_c1996
_fВ. Търново : Абагар
300 _a282 с.
_c20 см
380 _aX
490 1 _aПоредица Военен трилър
_v013
500 _aОриг. загл. Counter Strike / Charles D. Taylor.
852 _aЦб 188895
856 4 _qpdf
_u
856 4 _qpdf
_u
942 _cKNG
_n0
_06
944 _aCR
_c15.01.2003
_kГеновева_Генчева
944 _aED
_c15.03.2010
_k
999 _c12775
_d12775